Akta Kastam dan peraturan-peraturan Akta 235 : (Record no. 974)

000 -LEADER
fixed length control field nam a22 a 4500
003 - CONTROL NUMBER IDENTIFIER
control field AKMAL
005 - DATE AND TIME OF LATEST TRANSACTION
control field 20170508101527.0
008 - FIXED-LENGTH DATA ELEMENTS--GENERAL INFORMATION
fixed length control field 170508s2007 my | e l 000 0 may d
020 ## - INTERNATIONAL STANDARD BOOK NUMBER
International Standard Book Number 967701045X (kkt.) :
Terms of availability RM25.00
082 04 - DEWEY DECIMAL CLASSIFICATION NUMBER
Classification number 343.595056 MAL
Edition number 22
090 00 - LOCALLY ASSIGNED LC-TYPE CALL NUMBER (OCLC); LOCAL CALL NUMBER (RLIN)
Classification number (OCLC) (R) ; Classification number, CALL (RLIN) (NR) 343.595056
Local cutter number (OCLC) ; Book number/undivided call number, CALL (RLIN) MAL
110 1# - MAIN ENTRY--CORPORATE NAME
Corporate name or jurisdiction name as entry element Malaysia
9 (RLIN) 400
245 10 - TITLE STATEMENT
Title Akta Kastam dan peraturan-peraturan Akta 235 :
Remainder of title semua pindaan hingga Mei, 2007
260 ## - PUBLICATION, DISTRIBUTION, ETC.
Place of publication, distribution, etc. Kuala Lumpur :
Name of publisher, distributor, etc. MDC Publishers,
Date of publication, distribution, etc. 2007
300 ## - PHYSICAL DESCRIPTION
Extent 237ms. ;
Dimensions 25cm.
650 10 - SUBJECT ADDED ENTRY--TOPICAL TERM
Topical term or geographic name entry element Tariff
General subdivision Law and legislation
Geographic subdivision Malaysia
9 (RLIN) 20
650 20 - SUBJECT ADDED ENTRY--TOPICAL TERM
Topical term or geographic name entry element Customs administration
General subdivision Law and legislation
Geographic subdivision Malaysia
9 (RLIN) 2062
710 2# - ADDED ENTRY--CORPORATE NAME
Corporate name or jurisdiction name as entry element Penasihat Undang-Undang MDC
9 (RLIN) 405
942 ## - ADDED ENTRY ELEMENTS (KOHA)
Source of classification or shelving scheme
Koha item type Book
Holdings
Withdrawn status Lost status Source of classification or shelving scheme Damaged status Not for loan Collection code Home library Current library Shelving location Date acquired Inventory number Total Checkouts Full call number Barcode Date last seen Date last checked out Price effective from Koha item type Public note
          NON-FICTION AKMAL Melaka AKMAL Melaka PINJAMAN 08.05.2017 305027 2 343.595056 MAL 201701641 14.06.2017 09.06.2017 08.05.2017 Book Dilupuskan. No. Fail. ARKIBMLK.600-6/9/1 Jld.7 (54)
Pusat Sumber Maklumat Dato' Haji Sarmin Md Hussin, Akademi Kastam Diraja Malaysia, Melaka
Tel: 06-2331106 | Faks: 06-2313787